Think Fast - Reactions - Statistics

General Stats
  • This quiz has been taken 53 times
    37 since last reset
  • The average score is 7 of 10
Answer Stats
Question Answer % Correct
A A
94%
Fastest Fastest
91%
Q Q
91%
Qwertyuiop Qwertyuiop
91%
GGG GGG
88%
Hello Hello
88%
923823 923823
75%
JetPuNk JetPuNk
69%
Frecheiamsmsk Frecheiamsmsk
47%
Ddddddddd Ddddddddd
13%
No matching quizzes found
Score Distribution
Percent of People with Each Score
Percentile by Number Answered
Your Score History
You have not taken this quiz since the last reset